Statistiques concernant Joueurs de football par images - N

Cliquez ici pour prendre le quiz!

Statistiques générales

  • Ce quiz a été pris 619 fois
  • Le résultat moyen est 13 sur 20

Statistiques - réponses

Réponse% Correct
Neymar
100%
Manuel Neuer
96%
Keylor Navas
95%
Christopher Nkunku
92%
Samir Nasri
91%
Darwin Núñez
87%
Nani
84%
Pavel Nedvěd
77%
Radja Nainggolan
75%
Tanguy Ndombele
73%
Rúben Neves
70%
Alessandro Nesta
69%
Nenê
60%
Gary Neville
46%
Hidetoshi Nakata
43%
Naldo
37%
Mamadou Niang
36%
Nolito
27%
Yūto Nagatomo
24%
Álvaro Negredo
20%

Distribution des résultats

Percentile par nombre de réponses

% des personnes avec chaque résultat

Votre développement - résultats

Vous n’avez pas pris ce quiz